| 000 | 00438nam a2200145 a 4500 | ||
|---|---|---|---|
| 001 | 510 | ||
| 003 | CDMR | ||
| 005 | 20131107140240.0 | ||
| 008 | 130130s ||||||||||||||||||||||||||||d | ||
| 040 |
_aCDMR _bcat _cCDMR |
||
| 111 | 2 |
_aConference of the International Association for Mass Communication Research _cBarcelona _d1988 _n16º _9367 |
|
| 245 | 1 | 0 |
_aComunicació social i identitat cultural _b: Working-group |
| 300 | _a4 v. | ||
| 942 |
_cMON _2ddc |
||
| 999 |
_c510 _d510 |
||